|
|
|
|
| LEADER |
01190cam a2200265 a 4500 |
| 003 |
GR-PaULI |
| 005 |
20180717103947.0 |
| 008 |
031205s2004 gw a f b 000 0 eng d |
| 020 |
|
|
|a 3540206434
|
| 020 |
|
|
|a 9783540206439
|
| 040 |
|
|
|a DLC
|b gre
|c DLC
|d DLC
|d GR-AiPI
|e AACR2
|
| 082 |
0 |
4 |
|a 330.015 195
|2 23
|
| 100 |
1 |
|
|a Bruggemann, Ralf,
|d 1972-
|9 170148
|e συγγραφέας.
|
| 245 |
1 |
0 |
|a Model reduction methods for vector autoregressive processes /
|c Ralf Brüggemann.
|
| 260 |
|
|
|a Berlin ;
|a New York :
|b Springer,
|c c2004.
|
| 300 |
|
|
|a x, 218 σ. :
|b πίν. ;
|c 24 εκ.
|
| 490 |
1 |
|
|a Lecture notes in economics and mathematical systems
|v 536
|
| 504 |
|
|
|a Περιλαμβάνει βιβλιογραφία.
|
| 650 |
|
4 |
|a Οικονομετρικά μοντέλα
|9 1680
|
| 650 |
|
4 |
|a Ανάλυση παλινδρόμησης
|9 3836
|
| 830 |
|
0 |
|9 164752
|a Lecture notes in economics and mathematical systems (Springer)
|v 536
|
| 942 |
|
|
|2 ddc
|c BK15
|
| 952 |
|
|
|0 0
|1 0
|2 ddc
|4 0
|6 330_015000000000000_195_BRU
|7 0
|9 224394
|a LISA
|b LISA
|c BSC
|d 2018-07-17
|i 8802
|l 0
|o 330.015 195 BRU
|p 026000278233
|r 2018-07-17 00:00:00
|t 1
|w 2018-07-17
|y BK15
|
| 998 |
|
|
|c ΛΟΥΚΟΠΟΥΛΟΥ
|d 2018-07
|
| 999 |
|
|
|c 135514
|d 135514
|